| 000 | 00816nam a2200181 a 4500 | ||
|---|---|---|---|
| 001 | 000037483 | ||
| 005 | 20200930080405.0 | ||
| 008 | 120420s1994 cr a 000 0 spa d | ||
| 020 | _a9977571805 | ||
| 040 |
_aDO-SdBNP _bspa _cBNPHU |
||
| 100 | 1 |
_aSánchez, Jesús A ; _963922 |
|
| 245 | 1 | 0 |
_aEstablecimiento y manejo de cacao con sombra : _bguía técnica para el extensionista forestal / _cJesús A Sánchez; Aroldo Dubón. |
| 260 |
_aTurrialba, Costa Rica : _bPrograma Manejo Integrado de Recursos Naturales (Costa Rica). Área de Manejo y Silvicultura de Bosques Tropicales., _c1994. |
||
| 300 |
_a81 p. : _bil., ; _c24 cm. |
||
| 490 | 1 |
_aMateriales y extensión _v3 _atécnica., Manual técnico ; _v10 |
|
| 700 | 1 |
_aDubón, Aroldo _963923 |
|
| 830 | 0 |
_aMateriales y extensión _v3 _ptécnica., Manual técnico _n10 _963924 |
|
| 999 |
_c36973 _d36973 |
||